[Event "Mecklenburg VP LL2 Ost 1819"]
[Site "Mecklenburg VP"]
[Date "2019.01.20"]
[Round "5.3"]
[White "Tabbert, Dirk"]
[Black "Floegel, Thomas"]
[Result "0-1"]
[WhiteElo "1649"]
[BlackElo "1695"]
[PlyCount "82"]
[EventDate "2018.10.21"]
[EventType "team-tourn"]
[EventRounds "9"]
[EventCountry "GER"]
[SourceTitle "EXT 2022"]
[Source "ChessBase"]
[SourceDate "2021.10.06"]
[SourceVersion "1"]
[SourceVersionDate "2021.10.06"]
[SourceQuality "1"]
[WhiteTeam "Bergen Rugia"]
[BlackTeam "Ribnitz Damgarten"]
[WhiteTeamCountry "GER"]
[BlackTeamCountry "GER"]

1. c4 e6 2. Nc3 d5 3. cxd5 exd5 4. d4 Nf6 5. g3 Bf5 6. Bg2 c6 7. Nf3 Nbd7 8. 0-0 Bd6 9. Nh4 Bg4 10. Qc2 0-0 11. Re1 Qb6 12. e3 Rfe8 13. Nf5 Bf8 14. a3 Bh5 15. Nh4 a5 16. Bh3 g5 17. Bxd7 Nxd7 18. Qf5 Qd8 19. Nf3 h6 20. Nd2 Bg6 21. Qf3 f5 22. b3 Bd6 23. Nxd5 Bf8 24. Nc3 Bg7 25. Bb2 Qb6 26. Qd1 Rad8 27. Nc4 Qc7 28. Qc2 Kh8 29. f4 c5 30. d5 b6 31. g4 gxf4 32. gxf5 Bh7 33. e4 Bd4+ 34. Kg2 Nf6 35. Nb5 Qg7+ 36. Kf1 Qg1+ 37. Ke2 Rxe4+ 38. Qxe4 Qf2+ 39. Kd1 Nxe4 40. Bxd4+ cxd4 41. Rxe4 Qf3+ 0-1

[Event "MVP-ch Seniors op 16th"]
[Site "Binz"]
[Date "2016.11.24"]
[Round "2.85"]
[White "Barth, Roland"]
[Black "Tabbert, Dirk"]
[Result "0-1"]
[WhiteElo "1306"]
[BlackElo "1751"]
[PlyCount "132"]
[EventDate "2016.11.23"]
[EventType "swiss"]
[EventRounds "9"]
[EventCountry "GER"]
[SourceTitle "EXT 2018"]
[Source "ChessBase"]
[SourceDate "2017.10.13"]
[SourceVersion "1"]
[SourceVersionDate "2017.10.13"]
[SourceQuality "1"]

1. e4 c6 2. Bc4 d5 3. exd5 cxd5 4. Bb5+ Nc6 5. Bxc6+ bxc6 6. h3 Nf6 7. d3 h6 8. Nf3 e6 9. 0-0 Bd6 10. b3 0-0 11. Re1 Qc7 12. Bb2 Nd7 13. d4 Bb7 14. Nbd2 c5 15. c3 cxd4 16. Nxd4 a6 17. N2f3 Nc5 18. Rc1 Rac8 19. Rc2 Ne4 20. Nd2 Nxd2 21. Rxd2 Qa5 22. Ba1 Be7 23. Nf3 Bf6 24. Ne5 Qc7 25. Qh5 Bg5 26. Rd3 Kh7 27. h4 Bf6 28. f4 g6 29. Qe2 Bxh4 30. Red1 a5 31. Rh3 Bf6 32. Qe3 Kg7 33. Rc1 Bxe5 34. fxe5 Qc5 35. Qxc5 Rxc5 36. Rd1 Rfc8 37. Bb2 Ba6 38. Re1 Bb5 39. Rd1 a4 40. Bc1 Rxc3 41. Bxh6+ Kg8 42. Rh2 axb3 43. axb3 Rxb3 44. Bg5 Be2 45. Bf6 Bh5 46. Rd2 Rg3 47. Kf2 Rg4 48. g3 Kf8 49. Rh1 Ke8 50. Ra1 Rgc4 51. Rb2 Kd7 52. Ra6 Rc2+ 53. Rxc2 Rxc2+ 54. Kg1 Be2 55. Ra7+ Rc7 56. Ra1 d4 57. Ra2 d3 58. Rd2 Rc2 59. Bg5 Rxd2 60. Bxd2 Kc6 61. Kf2 Kd5 62. Bc3 Kc4 63. Bd2 Kd4 64. Bf4 Ke4 65. Ke1 Kf5 66. Kd2 f6 0-1

[Event "MVP-ch Seniors op 16th"]
[Site "Binz"]
[Date "2016.11.23"]
[Round "1.36"]
[White "Tabbert, Dirk"]
[Black "Jung, Werner"]
[Result "0-1"]
[WhiteElo "1751"]
[BlackElo "2011"]
[PlyCount "38"]
[EventDate "2016.11.23"]
[EventType "swiss"]
[EventRounds "9"]
[EventCountry "GER"]
[SourceTitle "EXT 2018"]
[Source "ChessBase"]
[SourceDate "2017.10.13"]
[SourceVersion "1"]
[SourceVersionDate "2017.10.13"]
[SourceQuality "1"]

1. c4 f5 2. Nc3 Nf6 3. g3 e5 4. Bg2 c6 5. d3 g6 6. e4 d6 7. Nge2 Bg7 8. 0-0 0-0 9. h3 Na6 10. Kh2 Be6 11. Bg5 h6 12. Be3 Qd7 13. f3 d5 14. exf5 gxf5 15. cxd5 Nxd5 16. Bg1 f4 17. Qd2 fxg3+ 18. Nxg3 Nf4 19. Rfd1 Bxh3 0-1

[Event "Mecklenburg VP LL2 Ost 1617"]
[Site "Mecklenburg VP"]
[Date "2016.11.06"]
[Round "2.4"]
[White "Tabbert, Dirk"]
[Black "Greinert, Timo"]
[Result "1/2-1/2"]
[WhiteElo "1642"]
[BlackElo "1805"]
[PlyCount "40"]
[EventDate "2016.10.16"]
[EventType "team-tourn"]
[EventRounds "9"]
[EventCountry "GER"]
[SourceTitle "EXT 2022"]
[Source "ChessBase"]
[SourceDate "2021.10.06"]
[SourceVersion "1"]
[SourceVersionDate "2021.10.06"]
[SourceQuality "1"]
[WhiteTeam "Bergen Rugia"]
[BlackTeam "Torgelow Droegeheide II"]
[WhiteTeamCountry "GER"]
[BlackTeamCountry "GER"]

1. c4 c6 2. Nc3 d5 3. cxd5 cxd5 4. d4 Nf6 5. Bg5 e6 6. e3 Be7 7. Nf3 Nc6 8. Bb5 a6 9. Bxc6+ bxc6 10. Ne5 Bd7 11. 0-0 c5 12. dxc5 Bxc5 13. Nxd7 Qxd7 14. Bxf6 gxf6 15. Rc1 Bd6 16. Qf3 f5 17. Rc2 Ke7 18. Rfc1 Rhg8 19. Ne2 Rg4 20. Nd4 Rag8 1/2-1/2

[Event "Mecklenburg VP LL2 Ost 1516"]
[Site "Mecklenburg VP"]
[Date "2016.01.17"]
[Round "5.7"]
[White "Motullo, Jens"]
[Black "Tabbert, Dirk"]
[Result "1-0"]
[WhiteElo "1646"]
[BlackElo "1602"]
[PlyCount "49"]
[EventDate "2015.09.20"]
[EventType "team-tourn"]
[EventRounds "9"]
[EventCountry "GER"]
[SourceTitle "EXT 2022"]
[Source "ChessBase"]
[SourceDate "2021.10.06"]
[SourceVersion "1"]
[SourceVersionDate "2021.10.06"]
[SourceQuality "1"]
[WhiteTeam "Greifswald II"]
[BlackTeam "Bergen Rugia"]
[WhiteTeamCountry "GER"]
[BlackTeamCountry "GER"]

1. e4 c6 2. Bc4 d5 3. Bb3 Nf6 4. e5 Ne4 5. d4 e6 6. h4 Be7 7. Qg4 0-0 8. Bh6 Bf6 9. f3 Nd6 10. exf6 Qxf6 11. Bg5 Qf5 12. Be7 Qxg4 13. fxg4 Ne4 14. Bxf8 Kxf8 15. Nd2 f5 16. gxf5 exf5 17. Nxe4 dxe4 18. Ne2 Na6 19. 0-0 g6 20. g4 Kg7 21. gxf5 gxf5 22. Ng3 Kg6 23. Rf4 Bd7 24. Raf1 Rf8 25. Nxe4 1-0

[Event "MVP-ch Seniors op 15th"]
[Site "Binz"]
[Date "2015.11.29"]
[Round "6.74"]
[White "Schwenke, Norbert"]
[Black "Tabbert, Dirk"]
[Result "0-1"]
[WhiteElo "1388"]
[BlackElo "1602"]
[PlyCount "95"]
[EventDate "2015.11.24"]
[EventType "swiss"]
[EventRounds "9"]
[EventCountry "GER"]
[SourceTitle "EXT 2017"]
[Source "ChessBase"]
[SourceDate "2016.10.25"]
[SourceVersion "1"]
[SourceVersionDate "2016.10.25"]
[SourceQuality "1"]

1. Nc3 f5 2. d4 Nf6 3. Nf3 d5 4. e3 e6 5. Bd3 Be7 6. Bd2 0-0 7. Ne5 Nbd7 8. f4 c5 9. b3 cxd4 10. exd4 Qb6 11. Nf3 Ne4 12. Na4 Qc7 13. g3 a6 14. c4 Ndf6 15. Qc2 Bd7 16. Nb2 Rac8 17. 0-0 Rfe8 18. Ne5 Bd6 19. cxd5 Nxd2 20. Qxd2 exd5 21. Rac1 Qb6 22. Qf2 Be6 23. Na4 Qa5 24. Rc2 Rxc2 25. Bxc2 Ne4 26. Qe3 Rc8 27. Qd3 b5 28. Nc5 Bxc5 29. dxc5 Nxc5 30. Qe2 Qxa2 31. Qd1 Ne4 32. Bxe4 dxe4 33. Rf2 Qxb3 34. Rd2 Qxd1+ 35. Rxd1 a5 36. Rd6 Bc4 37. h3 b4 38. Kf2 b3 39. Rb6 a4 40. Rb4 a3 41. Nxc4 Rxc4 42. Rxb3 Ra4 43. Rb1 a2 44. Ra1 Kf7 45. Ke3 Kf6 46. g4 Ra3+ 47. Kd2 Rxh3 48. g5+ 0-1

[Event "Mecklenburg VP LL2 Ost 1415"]
[Site "Mecklenburg VP"]
[Date "2015.02.22"]
[Round "6.5"]
[White "Herde, Dittmar"]
[Black "Tabbert, Dirk"]
[Result "1-0"]
[WhiteElo "1788"]
[BlackElo "1629"]
[PlyCount "79"]
[EventDate "2014.09.21"]
[EventType "team-tourn"]
[EventRounds "9"]
[EventCountry "GER"]
[SourceTitle "EXT 2022"]
[Source "ChessBase"]
[SourceDate "2021.10.06"]
[SourceVersion "1"]
[SourceVersionDate "2021.10.06"]
[SourceQuality "1"]
[WhiteTeam "Rostock SSC 07 III"]
[BlackTeam "Bergen Rugia"]
[WhiteTeamCountry "GER"]
[BlackTeamCountry "GER"]

1. d4 f5 2. Nf3 Nf6 3. c4 e6 4. g3 Be7 5. Bg2 0-0 6. 0-0 c6 7. Nc3 d5 8. b3 Qe8 9. cxd5 exd5 10. Ne5 Be6 11. Qd3 Ne4 12. f4 Qh5 13. Nxe4 fxe4 14. Qd2 Rf6 15. e3 Rh6 16. Bh1 Bb4 17. Qf2 Na6 18. Bd2 Rf8 19. Bxb4 Nxb4 20. Qd2 Qh3 21. Rf2 Na6 22. Rc1 Bc8 23. a3 Rh5 24. Qe2 Nc7 25. Rg2 Rh6 26. g4 Rd6 27. Rg3 Qh6 28. g5 Qe6 29. Bg2 Qe7 30. Bh3 Rdd8 31. a4 Qa3 32. Qc2 Qb4 33. Rd1 Ne8 34. Kf2 Nd6 35. Bxc8 Rxc8 36. Rh3 c5 37. Qe2 Rf5 38. Qh5 h6 39. Qg6 Rd8 40. gxh6 1-0

[Event "Mecklenburg VP LL2 Ost 1415"]
[Site "Mecklenburg VP"]
[Date "2015.01.18"]
[Round "5.5"]
[White "Dohnow, Thomas"]
[Black "Tabbert, Dirk"]
[Result "1/2-1/2"]
[WhiteElo "1747"]
[BlackElo "1629"]
[PlyCount "31"]
[EventDate "2014.09.21"]
[EventType "team-tourn"]
[EventRounds "9"]
[EventCountry "GER"]
[SourceTitle "EXT 2022"]
[Source "ChessBase"]
[SourceDate "2021.10.06"]
[SourceVersion "1"]
[SourceVersionDate "2021.10.06"]
[SourceQuality "1"]
[WhiteTeam "Waren ESV"]
[BlackTeam "Bergen Rugia"]
[WhiteTeamCountry "GER"]
[BlackTeamCountry "GER"]

1. c4 f5 2. Nc3 Nf6 3. d4 e6 4. Bg5 Be7 5. e3 0-0 6. Bd3 d6 7. Nge2 Nc6 8. 0-0 Bd7 9. Ng3 Nb4 10. Bb1 h6 11. Bxf6 Rxf6 12. Qf3 Qc8 13. Nh5 Rf8 14. Qg3 Bg5 15. f4 Bf6 16. a3 1/2-1/2

[Event "Mecklenburg VP LL2 Ost 1314"]
[Site "Mecklenburg VP"]
[Date "2014.04.27"]
[Round "9.5"]
[White "Tabbert, Dirk"]
[Black "Stock, Joachim"]
[Result "1/2-1/2"]
[WhiteElo "1588"]
[BlackElo "1580"]
[PlyCount "44"]
[EventDate "2013.10.27"]
[EventType "team-tourn"]
[EventRounds "9"]
[EventCountry "GER"]
[SourceTitle "EXT 2022"]
[Source "ChessBase"]
[SourceDate "2021.10.06"]
[SourceVersion "1"]
[SourceVersionDate "2021.10.06"]
[SourceQuality "1"]
[WhiteTeam "Bergen Rugia"]
[BlackTeam "Neubrandenburg SG Eintracht II"]
[WhiteTeamCountry "GER"]
[BlackTeamCountry "GER"]

1. c4 e5 2. Nc3 Nf6 3. g3 Nc6 4. Bg2 Bc5 5. e4 Nd4 6. Nge2 0-0 7. 0-0 Ne6 8. h3 a6 9. d3 d6 10. Kh2 h5 11. f4 h4 12. g4 Nh7 13. f5 Nd4 14. Rb1 Nxe2 15. Qxe2 c6 16. Be3 Bxe3 17. Qxe3 Bd7 18. b4 b5 19. a4 bxa4 20. Ra1 Qg5 21. Qxg5 Nxg5 22. Nxa4 Rfb8 1/2-1/2

[Event "Remote 11er 0046 email"]
[Site "Remote email"]
[Date "2014.01.20"]
[Round "?"]
[White "Richter, Wolfgang"]
[Black "Tabbert, Dirk"]
[Result "1-0"]
[WhiteElo "2398"]
[BlackElo "1854"]
[PlyCount "27"]
[EventDate "2014.??.??"]
[EventType "tourn (corr)"]
[EventRounds "10"]
[EventCountry "GER"]
[SourceTitle "Corr 2015"]
[Source "ChessBase"]
[SourceDate "2015.07.17"]
[SourceVersion "1"]
[SourceVersionDate "2015.07.17"]
[SourceQuality "1"]

1. e4 c6 2. d4 d5 3. Nc3 dxe4 4. Nxe4 Bf5 5. Ng3 Bg6 6. Nf3 h6 7. Ne5 Bh7 8. Qh5 g6 9. Qf3 Nf6 10. Qb3 Qxd4 11. Nxf7 Bg8 12. Qxb7 Bxf7 13. Be3 Qe5 14. Qc8# 1-0

[Event "Mecklenburg VP LL2 Ost 1314"]
[Site "Mecklenburg VP"]
[Date "2013.11.24"]
[Round "3.7"]
[White "Kundt, Guenther"]
[Black "Tabbert, Dirk"]
[Result "1/2-1/2"]
[WhiteElo "1528"]
[BlackElo "1588"]
[PlyCount "46"]
[EventDate "2013.10.27"]
[EventType "team-tourn"]
[EventRounds "9"]
[EventCountry "GER"]
[SourceTitle "EXT 2022"]
[Source "ChessBase"]
[SourceDate "2021.10.06"]
[SourceVersion "1"]
[SourceVersionDate "2021.10.06"]
[SourceQuality "1"]
[WhiteTeam "Graal Mueritz"]
[BlackTeam "Bergen Rugia"]
[WhiteTeamCountry "GER"]
[BlackTeamCountry "GER"]

1. d4 f5 2. c4 Nf6 3. Nc3 e6 4. Nf3 Be7 5. Bg5 0-0 6. e3 Nc6 7. Bd3 d6 8. a3 Bd7 9. Qc2 d5 10. Bxf6 Bxf6 11. cxd5 Ne7 12. dxe6 Bxe6 13. 0-0 Rc8 14. b4 b6 15. Rfd1 Nd5 16. Ba6 Ra8 17. Bc4 Rc8 18. Qb3 c6 19. b5 Kh8 20. Nxd5 cxd5 21. Bd3 Rf7 22. Rac1 Re7 23. Qb2 Qd6 1/2-1/2

[Event "Remote 11er 0045 email"]
[Site "Remote email"]
[Date "2013.11.17"]
[Round "?"]
[White "Bonow, Valdir Maas"]
[Black "Tabbert, Dirk"]
[Result "1-0"]
[WhiteElo "1891"]
[BlackElo "1834"]
[PlyCount "71"]
[EventDate "2013.??.??"]
[EventType "tourn (corr)"]
[EventRounds "10"]
[EventCountry "GER"]
[SourceTitle "Corr 2015"]
[Source "ChessBase"]
[SourceDate "2015.07.17"]
[SourceVersion "1"]
[SourceVersionDate "2015.07.17"]
[SourceQuality "1"]

1. e4 c6 2. d4 d5 3. Nc3 dxe4 4. Nxe4 Bf5 5. Ng3 Bg6 6. h4 h6 7. Nf3 e6 8. Bd3 Bxd3 9. Qxd3 Bd6 10. Be3 Bxg3 11. fxg3 Nd7 12. 0-0-0 Qa5 13. Kb1 Ngf6 14. Rhf1 0-0-0 15. Nd2 Ne5 16. Qe2 Neg4 17. Nb3 Qd5 18. Bd2 Rd7 19. Nc5 Rdd8 20. Bf4 g5 21. Be5 Nxe5 22. dxe5 Qxc5 23. exf6 Rd5 24. Rxd5 cxd5 25. a3 Kd7 26. Qh5 Rh7 27. hxg5 Qf8 28. Rh1 Qg8 29. g4 e5 30. gxh6 Kd6 31. g5 e4 32. Rd1 b5 33. Qg4 Rxh6 34. Qf5 Rh4 35. Rxd5+ Kc6 36. Qd7+ 1-0

[Event "Remote 11er 0045 email"]
[Site "Remote email"]
[Date "2013.11.17"]
[Round "?"]
[White "Tabbert, Dirk"]
[Black "Santos, Pedro Miguel da Ros"]
[Result "1-0"]
[WhiteElo "1834"]
[BlackElo "1693"]
[PlyCount "93"]
[EventDate "2013.??.??"]
[EventType "tourn (corr)"]
[EventRounds "10"]
[EventCountry "GER"]
[SourceTitle "Corr 2015"]
[Source "ChessBase"]
[SourceDate "2015.07.17"]
[SourceVersion "1"]
[SourceVersionDate "2015.07.17"]
[SourceQuality "1"]

1. c4 c5 2. Nc3 Nc6 3. g3 e6 4. Bg2 Nge7 5. e4 g6 6. Nge2 Bg7 7. 0-0 0-0 8. d3 a6 9. Be3 d6 10. Rb1 Bd7 11. a3 Rb8 12. f4 Nd4 13. h3 e5 14. fxe5 dxe5 15. Nd5 Nec6 16. Nec3 Na5 17. b4 cxb4 18. axb4 Nab3 19. Rxb3 Nxb3 20. Qxb3 Be6 21. Kh2 Kh8 22. Bb6 Qd7 23. Bc5 Rfe8 24. Na4 Bxd5 25. exd5 f5 26. d6 b5 27. Nb6 Qd8 28. d7 Re6 29. Qd1 Rexb6 30. Bxb6 Rxb6 31. c5 Re6 32. Bd5 Re7 33. c6 Qc7 34. Qc2 Bf6 35. Qc5 Kg7 36. Ra1 e4 37. Re1 Kh6 38. dxe4 f4 39. Qc1 Bg5 40. Qa3 Qb6 41. Qf3 Qc7 42. gxf4 Qxf4+ 43. Qxf4 Bxf4+ 44. Kg2 Bc7 45. e5 a5 46. e6 a4 47. Rf1 1-0

[Event "Mecklenburg VP LL2 Ost 1213"]
[Site "Mecklenburg VP"]
[Date "2013.04.28"]
[Round "9.5"]
[White "Sowada, Christoph"]
[Black "Tabbert, Dirk"]
[Result "0-1"]
[WhiteElo "1955"]
[BlackElo "1607"]
[PlyCount "69"]
[EventDate "2012.10.14"]
[EventType "team-tourn"]
[EventRounds "9"]
[EventCountry "GER"]
[SourceTitle "EXT 2022"]
[Source "ChessBase"]
[SourceDate "2021.10.06"]
[SourceVersion "1"]
[SourceVersionDate "2021.10.06"]
[SourceQuality "1"]
[WhiteTeam "Greifswald II"]
[BlackTeam "Bergen Rugia"]
[WhiteTeamCountry "GER"]
[BlackTeamCountry "GER"]

1. f4 d5 2. g3 Nf6 3. Bg2 Bf5 4. d3 e6 5. Nh3 Bc5 6. e3 0-0 7. Nf2 Nc6 8. g4 Bg6 9. h4 h6 10. h5 Bh7 11. a3 Ne8 12. Qf3 Qf6 13. Nd2 Rd8 14. c3 Nd6 15. Qg3 Rd7 16. d4 Bb6 17. e4 dxe4 18. Ndxe4 Nxe4 19. Nxe4 Qe7 20. Be3 Rfd8 21. 0-0 Na5 22. Rae1 Nc4 23. Bc1 Qf8 24. g5 hxg5 25. fxg5 Bf5 26. Nf2 c6 27. b4 Bc7 28. Qh4 g6 29. Ne4 Bxe4 30. Bxe4 Qg7 31. hxg6 fxg6 32. Rf6 Ne5 33. dxe5 Bxe5 34. Rxg6 Bxc3 35. Rxg7+ 0-1

[Event "Mecklenburg VP LL2 Ost 1213"]
[Site "Mecklenburg VP"]
[Date "2013.03.17"]
[Round "7.7"]
[White "Tabbert, Dirk"]
[Black "Hartung, Lothar"]
[Result "0-1"]
[WhiteElo "1607"]
[BlackElo "1783"]
[PlyCount "82"]
[EventDate "2012.10.14"]
[EventType "team-tourn"]
[EventRounds "9"]
[EventCountry "GER"]
[SourceTitle "EXT 2022"]
[Source "ChessBase"]
[SourceDate "2021.10.06"]
[SourceVersion "1"]
[SourceVersionDate "2021.10.06"]
[SourceQuality "1"]
[WhiteTeam "Bergen Rugia"]
[BlackTeam "Neubrandenburg SV Turbine"]
[WhiteTeamCountry "GER"]
[BlackTeamCountry "GER"]

1. c4 c5 2. Nc3 Nf6 3. g3 d5 4. cxd5 Nxd5 5. Bg2 Nc7 6. Nf3 Nc6 7. 0-0 e5 8. d3 Be7 9. b3 0-0 10. Bb2 f6 11. Rc1 Rb8 12. Nd2 Nd4 13. Nce4 b6 14. h3 Be6 15. Kh2 Qd7 16. Nc4 Na6 17. Bc3 b5 18. Ncd2 f5 19. Bxd4 exd4 20. Nxc5 Bxc5 21. Nf3 Qd6 22. Qd2 Ba3 23. Rb1 Bb4 24. Qg5 Rf6 25. Qh5 Bc3 26. Rfc1 Nb4 27. a3 Nd5 28. b4 a6 29. Rc2 Rbf8 30. Rh1 Rh6 31. Qg5 Rg6 32. Qc1 f4 33. g4 Bd7 34. Kg1 Rgf6 35. Nd2 Bxd2 36. Bxd5+ Qxd5 37. Qxd2 f3 38. e4 dxe3 39. Qxe3 Re8 40. Qd2 Re2 41. Qd1 Rfe6 0-1

[Event "Mecklenburg VP LL2 Ost 1213"]
[Site "Mecklenburg VP"]
[Date "2013.02.24"]
[Round "6.8"]
[White "Tabbert, Dirk"]
[Black "Augstein, Joerg"]
[Result "0-1"]
[WhiteElo "1607"]
[BlackElo "1734"]
[PlyCount "98"]
[EventDate "2012.10.14"]
[EventType "team-tourn"]
[EventRounds "9"]
[EventCountry "GER"]
[SourceTitle "EXT 2022"]
[Source "ChessBase"]
[SourceDate "2021.10.06"]
[SourceVersion "1"]
[SourceVersionDate "2021.10.06"]
[SourceQuality "1"]
[WhiteTeam "Bergen Rugia"]
[BlackTeam "Torgelow Droegeheide II"]
[WhiteTeamCountry "GER"]
[BlackTeamCountry "GER"]

1. c4 e5 2. Nc3 f5 3. g3 Nf6 4. Bg2 Bc5 5. d3 0-0 6. h3 c6 7. e4 fxe4 8. Nxe4 Nxe4 9. Bxe4 Bxf2+ 10. Ke2 Bxg3 11. Nf3 Na6 12. Bg5 Qb6 13. Be3 Qxb2+ 14. Qd2 Qxd2+ 15. Nxd2 Nc5 16. Bxc5 Rf6 17. Nf3 d6 18. Be3 Bf4 19. Ng5 h6 20. Nf3 Be6 21. Nh4 Bg3 22. Ng2 d5 23. cxd5 cxd5 24. Bf3 Raf8 25. Raf1 e4 26. Bxe4 Rxf1 27. Rxf1 Rxf1 28. Kxf1 dxe4 29. dxe4 b6 30. Nf4 Bxf4 31. Bxf4 Bxa2 32. Be3 Kf7 33. Kf2 g5 34. Kg2 Kg6 35. h4 Bb1 36. hxg5 hxg5 37. e5 Bf5 38. Kf3 Be6 39. Ke4 g4 40. Kf4 Kf7 41. Bf2 Ke7 42. Ke4 Kd7 43. Kf4 Kc6 44. Kg5 Kd5 45. Kf6 Bc8 46. Bg1 g3 47. Be3 g2 48. Bg1 a5 49. Bxb6 a4 0-1

[Event "Mecklenburg VP LL2 Ost 1213"]
[Site "Mecklenburg VP"]
[Date "2012.12.09"]
[Round "4.7"]
[White "Stock, Joachim"]
[Black "Tabbert, Dirk"]
[Result "1/2-1/2"]
[WhiteElo "1533"]
[BlackElo "1607"]
[PlyCount "109"]
[EventDate "2012.10.14"]
[EventType "team-tourn"]
[EventRounds "9"]
[EventCountry "GER"]
[SourceTitle "EXT 2022"]
[Source "ChessBase"]
[SourceDate "2021.10.06"]
[SourceVersion "1"]
[SourceVersionDate "2021.10.06"]
[SourceQuality "1"]
[WhiteTeam "Neubrandenburg SG Eintracht II"]
[BlackTeam "Bergen Rugia"]
[WhiteTeamCountry "GER"]
[BlackTeamCountry "GER"]

1. e4 c6 2. Nf3 d5 3. exd5 cxd5 4. d4 Bg4 5. h3 Bh5 6. Bd3 Nc6 7. c3 e6 8. Bf4 Bd6 9. Bxd6 Qxd6 10. 0-0 Nge7 11. Nbd2 0-0 12. Qc2 Bg6 13. Rfe1 Rac8 14. Bxg6 Nxg6 15. Qd1 Na5 16. Ne5 Nxe5 17. Rxe5 Nc4 18. Nxc4 Rxc4 19. Qe2 Rfc8 20. Re1 g6 21. h4 Kg7 22. h5 Rh8 23. Qe3 Qd8 24. h6+ Kf8 25. Qf3 Kg8 26. Qf4 Rc8 27. R1e3 a6 28. Rf3 Qe7 29. Qe3 Rd8 30. Qf4 Rc8 31. g4 Rc6 32. g5 Kf8 33. Qe3 Ke8 34. Rf6 Kd7 35. Qf4 Rf8 36. Re3 Rcc8 37. Rf3 Ke8 38. Qe5 Qc7 39. Qxc7 Rxc7 40. Re3 Ke7 41. Kg2 b5 42. Re2 Rc4 43. Rf3 Rfc8 44. Rd3 Kd6 45. Rf3 R8c7 46. a3 a5 47. Rd2 b4 48. cxb4 axb4 49. a4 Ra7 50. b3 Rc3 51. Rxc3 bxc3 52. Rc2 Rc7 53. Kf3 e5 54. Ke3 Ke6 55. a5 1/2-1/2